00400nam a2200097Ia 4500008004100000100001700041245013900058260002700197650002600224856005200250171212s9999 xx 000 0 und d aMiller, Trey cMiller, TreyaFinancing the Operation and Maintenance Costs of Hurricane Protection InfrastructurebOptions for the State of Louisiana bRAND Corporationc2012 aEnvironmental Science uhttp://www.jstor.org/stable/10.7249/j.ctt5hhsvx